[Event "SRB-chT3 Nord CS"]
[Site "Serbia"]
[Date "2011.10.02"]
[Round "4"]
[White "Vujic, Mihailo"]
[Black "Stevanovic, Goran P"]
[Result "1-0"]
[WhiteElo "2293"]
[BlackElo "2223"]
[PlyCount "21"]
[EventDate "2011.09.11"]
[EventType "team"]
[EventRounds "11"]
[EventCountry "SRB"]
[SourceTitle "EXT 2015"]
[Source "ChessBase"]
[SourceDate "2014.11.20"]
[SourceVersion "1"]
[SourceVersionDate "2014.11.20"]
[SourceQuality "1"]

1. e4 c6 2. d4 d5 3. f3 dxe4 4. fxe4 e5 5. Nf3 exd4 6. Bc4 Bb4+ 7. c3 Be7 8. Qb3 dxc3 9. Bxf7+ Kd7 10. Bf4 Bd6 11. e5 1-0

[Event "SRB-chT3 North"]
[Site "Serbia"]
[Date "2006.??.??"]
[Round "2"]
[White "Popovic, Milan"]
[Black "Stevanovic, Goran P"]
[Result "1-0"]
[WhiteElo "1932"]
[BlackElo "2079"]
[PlyCount "34"]
[EventDate "2006.09.10"]
[EventType "team"]
[EventRounds "11"]
[EventCountry "SRB"]
[SourceTitle "EXT 2012"]
[Source "ChessBase"]
[SourceDate "2011.11.24"]
[SourceVersion "1"]
[SourceVersionDate "2011.11.24"]
[SourceQuality "1"]

1. d4 Nf6 2. Nf3 e6 3. Bg5 b6 4. Nbd2 Bb7 5. e4 Be7 6. Bd3 d6 7. Qe2 Nbd7 8. c4 c6 9. Rd1 0-0 10. 0-0 h6 11. Bh4 Nh5 12. Bxe7 Qxe7 13. g3 g6 14. Qe3 Kh7 15. Nh4 Qf6 16. d5 g5 17. Be2 Ng7 1-0